000 00415 a2200157 4500
001 74279
020 _a950-43-6482-9
040 _cAnchieta - Colégio São Paulo
100 _aVisca, Jorge
240 1 0 _aEl diagnostico operatorio en la pratica psicopedagogica
_lpor
245 1 0 _aEl diagnostico operatorio en la pratica psicopedagogica
300 _a190
362 0 _a1995
650 4 _aEducação
942 _cBK
999 _c74279
_d74279